| 000 | 00000nam##2200000za#4500 |
| 001 | 9.649658 |
| 003 | CaOODSP |
| 005 | 20210929082759 |
| 007 | ta |
| 008 | 150407|2005||||xxc||||| f|0| 0 eng|d |
| 020 | |a0-662-40014-3 |
| 040 | |aCaOODSP|beng |
| 043 | |an-cn--- |
| 086 | 1 |aFo1-6/2005E |
| 110 | 1 |aCanada. |bNatural Resources Canada. |bCanadian Forest Service. |
| 245 | 14|aThe state of Canada's forests, 2004-2005 |
| 246 | 3 |aThe boreal forest |
| 260 | |aOttawa - Ontario : |bNatural Resources Canada. |c2005. |
| 300 | |a96p. : |bglossary, graphs, maps, tables, photographs ; |c28 cm. |
| 520 | 3 |aThis annual report presents statistics on Canada’s forests and forest industry. Statistics include the annual allowable cut, forest product exports, mergers and acquisitions, the land under forest management certification, and direct employment in the forest sector. A “Year in Review” section takes a look at developments during the year across the country, while features and special articles take a more detailed look at a variety of forest issues. |
| 563 | |aSoftcover |
| 590 | |a05-36|b2005-09-09 |
| 690 | 07|aForestry policy|2gcpds |
| 690 | 07|aForests|2gcpds |
| 775 | 08|tL'état des forêts au Canada, 2004-2005 |w(CaOODSP)9.682830 |